000 00729nam a2200289Ia 4500
005 20260324130256.0
008 008 260324s9999 xx 000 0 eng d
020 _a9780203961797
037 _aEBOOK
040 _aCRL
040 _beng
040 _cCRL
041 _2eng
041 _aeng
084 _qCRL
100 _aBadr El Din A. Ibrahim
_91181161
245 0 _aEconomic Co-Operation in the Gulf
245 0 _bIssues in the Economies of the Arab Gulf Co-Operation Council States
260 _bTaylor and Francis
260 _c2007
365 _a
365 _b240
856 _uhttp://www.taylorfrancis.com/books/9780203961797
942 _cEBOOK
999 _c1777195
_d1777195